Tư vấn quản lý : sách hướng dẫn nghề nghiệp/

Gardado en:
Detalles Bibliográficos
Autor Principal: Không rõ
Formato: Libro
Idioma:Vietnamese
Publicado: Khoa học và kỹ thuật 1994
Các nhãn: Engadir etiqueta
Sen Etiquetas, Sexa o primeiro en etiquetar este rexistro!
Thư viện lưu trữ: Mạng thư viện Đại học Đà Nẵng
LEADER 00770nam a2200265 4500
001 000028403
003 TƯ-VO
005 20150403120000.0
008 150403s vm 000 vie
020 |c 0,0000 
040 |a notts 
100 |a Không rõ 
245 |a Tư vấn quản lý : sách hướng dẫn nghề nghiệp/  |c Nguyễn Đình Cung, Nguyễn Việt Nga, Nguyễn Thanh Nhung, ..dịch ; Ngô Đặng Tính, Nguyễn Việt Long hiệu đính. 
260 |b Khoa học và kỹ thuật  |c 1994 
OWN |a LTT 
999 |a From the UDN01 
TYP |a Monograph 
TYP |a Printed language 
980 |a Mạng thư viện Đại học Đà Nẵng